[Event "6th EICC"]
[Site "Warsaw POL"]
[Date "2005.06.23"]
[Round "6"]
[White "Gagunashvili,M"]
[Black "Bente,B"]
[Result "1-0"]
[WhiteElo "2547"]
[BlackElo "2218"]
[EventDate "2005.06.18"]

1. d4 Nf6 2. g3 g6 3. Bg2 Bg7 4. e4 d6 5. Nc3 O-O 6. Nge2 Na6 7. O-O c5 8.
h3 Rb8 9. Be3 b6 10. e5 Ne8 11. exd6 Nxd6 12. Bf4 Bb7 13. dxc5 Nxc5 14.
Bxd6 Qxd6 15. Qxd6 exd6 16. Rad1 Rfd8 17. Bxb7 Rxb7 18. Rd5 b5 19. b4 Na6
20. a3 Nc7 21. Rd3 Ne6 22. Nd5 Rc8 23. c3 Rc6 24. Rb1 Kf8 25. Kf1 Nc7 26.
Ne3 Na8 27. Ke1 Nb6 28. Kd2 Rbc7 29. Kc2 Re7 30. Nd4 Bxd4 31. Rxd4 Rec7 32.
Rd3 Nc4 33. Nxc4 Rxc4 34. Kb3 R4c6 35. Rbd1 Ke7 36. R1d2 Rd7 37. Rd4 Kd8
38. R2d3 Kc7 39. g4 a6 40. g5 Re7 41. Rh4 Kd7 42. Rxh7 Rc4 43. Rf3 f5 44.
Rh6 Re6 45. Re3 Rce4 46. Rxe4 fxe4 47. h4 d5 48. Kc2 Ke7 49. Kd2 Kf7 50.
Rh7+ Ke8 51. Rc7 Kd8 52. Rg7 Rc6 53. Rh7 Re6 54. Ke3 Rc6 55. Kd4 Rc4+ 56.
Kxd5 Rxc3 57. Kxe4 Rxa3 58. h5 gxh5 59. g6 1-0

[Event "6th EICC"]
[Site "Warsaw POL"]
[Date "2005.06.23"]
[Round "6"]
[White "Sulskis,S"]
[Black "Michalczak,T"]
[Result "1-0"]
[WhiteElo "2545"]
[BlackElo "2369"]
[EventDate "2005.06.18"]

1. e4 e5 2. Nf3 Nf6 3. Nxe5 d6 4. Nxf7 Kxf7 5. d4 c5 6. Bc4+ d5 7. exd5 Bd6
8. O-O cxd4 9. Qxd4 Bf5 10. Bf4 Re8 11. Nc3 a6 12. Rae1 Rxe1 13. Rxe1 Qc7
14. Bxd6 Qxd6 15. Re5 Bxc2 16. Re6 Qd8 17. d6 Kf8 18. Nd5 Nc6 19. Qf4 Bg6
20. Nxf6 gxf6 21. Qh6+ 1-0

[Event "6th EICC"]
[Site "Warsaw POL"]
[Date "2005.06.23"]
[Round "6"]
[White "Stoma,P"]
[Black "Inarkiev,E"]
[Result "0-1"]
[WhiteElo "2295"]
[BlackElo "2612"]
[EventDate "2005.06.18"]

1. e4 e5 2. Nf3 Nc6 3. Bb5 a6 4. Ba4 Nf6 5. d3 d6 6. c3 g6 7. O-O b5 8. Bb3
Bg7 9. h3 Bb7 10. Be3 O-O 11. Nbd2 Na5 12. Bc2 c5 13. d4 cxd4 14. cxd4 exd4
15. Bxd4 Re8 16. Re1 Nc6 17. Be3 Nb4 18. Bb3 d5 19. e5 Nd7 20. Bg5 Qb6 21.
Nf1 d4 22. Bxf7+ Kxf7 23. Bd2 Nxe5 24. Nxe5+ Rxe5 25. Rxe5 Bxe5 26. Bxb4
Qc6 27. Qg4 h5 28. Qg5 Bf6 29. Qg3 Be5 30. Qg5 Bf6 31. Qg3 Re8 32. Nd2 Be5
33. Qg5 d3 34. Nf3 Bxb2 35. Rd1 Qc4 36. Nh4 Be4 37. f3 Bf6 38. Qd2 Ba8 39.
g3 Qd4+ 40. Kg2 g5 41. Nf5 Bxf3+ 42. Kh2 Re2+ 43. Qxe2 Bxe2 44. Nxd4 Bxd1
45. Nf5 Ke6 46. Ne3 Bf3 47. Nf1 Be5 0-1

[Event "6th EICC"]
[Site "Warsaw POL"]
[Date "2005.06.23"]
[Round "6"]
[White "Korneev,O"]
[Black "Karlsson,L"]
[Result "1-0"]
[WhiteElo "2611"]
[BlackElo "2472"]
[EventDate "2005.06.18"]

1. e4 e6 2. d4 d5 3. Nc3 Bb4 4. e5 b6 5. a3 Bf8 6. Nf3 Ne7 7. Bb5+ c6 8.
Ba4 a5 9. Ne2 b5 10. Bb3 Nd7 11. c3 c5 12. O-O Nc6 13. Bg5 Be7 14. Qd2 h6
15. Bxe7 Qxe7 16. Rfe1 c4 17. Bc2 Bb7 18. Ng3 Kd8 19. h4 Kc7 20. b3 cxb3
21. Bxb3 Nb6 22. Reb1 Ba6 23. Nh5 Rhg8 24. Qf4 Kb7 25. Ne1 Ka7 26. Nd3 Nd7
27. Qf3 Rac8 28. g3 Rc7 29. Rc1 Nb6 30. Qe3 a4 31. Ba2 Na5 32. Nc5 Nbc4 33.
Bxc4 bxc4 34. Rcb1 Nb3 35. Nxa6 Kxa6 36. Ra2 Rb7 37. Kg2 Qf8 38. Kh3 Rh8
39. g4 Rg8 40. f4 Qc8 41. Rf1 Na5 42. f5 Qc6 43. Rff2 Qb5 44. Nxg7 Rxg7 45.
Qxh6 f6 46. exf6 Rh7 47. Qf4 exf5 48. Qxf5 Qe8 49. Qxd5 1-0

[Event "6th EICC"]
[Site "Warsaw POL"]
[Date "2005.06.23"]
[Round "6"]
[White "Socko,B"]
[Black "Kristjansson,St"]
[Result "1-0"]
[WhiteElo "2583"]
[BlackElo "2461"]
[EventDate "2005.06.18"]

1. g3 Nf6 2. Bg2 d5 3. Nf3 g6 4. d3 Bg7 5. O-O O-O 6. Nbd2 Nc6 7. e4 dxe4
8. dxe4 Nd7 9. Qe2 a5 10. Rd1 a4 11. Rb1 e5 12. Nc4 b6 13. b4 axb3 14. axb3
Ba6 15. Bb2 Qe7 16. Qd2 Nc5 17. Ne3 Rfd8 18. Nd5 Qf8 19. Qc3 Nd4 20. Nxd4
exd4 21. Qe1 Ne6 22. c3 dxc3 23. Bxc3 Bb7 24. Rbc1 Rac8 25. Bxg7 Nxg7 26.
Nxc7 Rxd1 27. Qxd1 Qd8 28. Qxd8+ Rxd8 29. Nd5 Bxd5 30. exd5 Nf5 31. Rc6 Ne7
32. Rxb6 Nxd5 33. Rb7 Nc3 34. Bf3 Rd2 35. Kf1 Rd3 36. Kg2 Rd2 37. h4 Nd1
38. Bxd1 Rxd1 39. Re7 Rb1 40. Re3 Kg7 41. f4 Kf6 42. Kf2 h6 43. Ke2 g5 44.
hxg5+ hxg5 45. fxg5+ Kxg5 46. Kd2 Kg4 47. Kc2 Rh1 48. b4 f5 49. Kd3 Rd1+
50. Kc2 Rh1 51. b5 f4 52. gxf4 Kxf4 53. Re6 Rh5 54. b6 Rb5 55. Kc3 Kf5 56.
Rh6 Rb1 57. Kd4 1-0

[Event "6th EICC"]
[Site "Warsaw POL"]
[Date "2005.06.23"]
[Round "6"]
[White "Abergel,T"]
[Black "Bocharov,D"]
[Result "0-1"]
[WhiteElo "2456"]
[BlackElo "2574"]
[EventDate "2005.06.18"]

1. e4 c5 2. Nf3 Nc6 3. Bb5 g6 4. O-O Bg7 5. Re1 Nf6 6. e5 Nd5 7. Nc3 Nc7 8.
Bxc6 dxc6 9. Ne4 b6 10. d3 O-O 11. h3 f5 12. Ng3 Ne6 13. Ne2 f4 14. d4 Ba6
15. c3 Qd7 16. b3 Rad8 17. Bb2 cxd4 18. Nexd4 c5 19. Nxe6 Qxe6 20. Qc2 h6
21. c4 Bb7 22. Qe2 g5 23. Red1 g4 24. hxg4 Qxg4 25. Kf1 Rde8 26. Rd3 Rf5
27. Ke1 Qxg2 28. Kd2 Bxf3 29. Rxf3 Rh5 30. Qe4 Rd8+ 31. Ke2 Rh4 32. Rd1
Rxd1 33. Kxd1 e6 34. Kc2 Rh3 35. Rxf4 Qxe4+ 36. Rxe4 Rf3 37. Re2 h5 38. Kd1
h4 39. Rd2 Bh6 40. Rd8+ Rf8 41. Rd6 Rxf2 42. Rxe6 Bg7 0-1

[Event "6th EICC"]
[Site "Warsaw POL"]
[Date "2005.06.23"]
[Round "6"]
[White "Szoen,D"]
[Black "Halkias,S"]
[Result "0-1"]
[WhiteElo "2444"]
[BlackElo "2549"]
[EventDate "2005.06.18"]

1. e4 e6 2. d4 d5 3. Nc3 Bb4 4. e5 Ne7 5. a3 Bxc3+ 6. bxc3 c5 7. h4 Qc7 8.
Bd2 b6 9. h5 h6 10. Qg4 Nf5 11. Bd3 cxd4 12. cxd4 O-O 13. Qf4 f6 14. Nf3
Nc6 15. exf6 Qxf4 16. Bxf4 Rxf6 17. c3 Bb7 18. g3 Rc8 19. Ne5 Na5 20. Rc1
Ne7 21. O-O Nc4 22. Rfe1 Nxe5 23. Rxe5 Nc6 24. Re2 Na5 25. Bg6 Ba6 26. Ree1
Nb3 27. Rc2 Rc6 28. Kg2 Rxg6 29. hxg6 Bd3 30. Rce2 Bxe2 31. Rxe2 Na5 32.
Bb8 a6 33. f4 Nc4 34. f5 Rc8 35. Bf4 exf5 36. Re7 a5 37. Rd7 Kf8 38. Rf7+
Kg8 39. Rxf5 Rc6 40. Rxd5 Rxg6 41. a4 Rc6 42. Rd7 g5 43. Bc7 Rf6 44. g4
Ne3+ 45. Kg3 Nf1+ 46. Kh3 Ne3 47. Kg3 Nf1+ 48. Kg2 Ne3+ 49. Kg3 Rc6 50. Kf3
Rxc3 51. Ke4 Nxg4 52. Kf5 Ne3+ 53. Ke4 Kf8 54. Bxb6 Ke8 55. Rh7 Rc6 56.
Bxa5 Re6+ 57. Kf3 Nf5 58. d5 Ra6 59. Bc7 Rxa4 60. Be5 g4+ 61. Kg2 Re4 62.
Bf6 Re2+ 63. Kf1 Ra2 64. Bg7 h5 0-1

[Event "6th EICC"]
[Site "Warsaw POL"]
[Date "2005.06.23"]
[Round "6"]
[White "Haznedaroglu,K"]
[Black "Perunovic,Mil"]
[Result "1-0"]
[WhiteElo "2440"]
[BlackElo "2549"]
[EventDate "2005.06.18"]

1. e4 c5 2. Nf3 d6 3. d4 cxd4 4. Nxd4 Nf6 5. Nc3 a6 6. Bg5 e6 7. f4 Qb6 8.
Nb3 Nbd7 9. Qf3 Qc7 10. Bd3 b5 11. a3 Be7 12. O-O-O Rb8 13. Rhe1 b4 14.
axb4 Rxb4 15. Kb1 Bb7 16. Qe2 Nc5 17. Nxc5 dxc5 18. Bc4 O-O 19. b3 Rb8 20.
Bxf6 Bxf6 21. e5 Bh4 22. g3 Be7 23. f5 Bf3 24. Qxf3 Rxc4 25. fxe6 fxe6 26.
Nd5 Qb7 27. Nxe7+ Qxe7 28. Qc6 Rcb4 29. Rd7 Qe8 30. Qc7 Qf8 31. Red1 R4b7
32. Qxb7 Rxb7 33. Rxb7 h5 34. Rdd7 Qf1+ 35. Kb2 1-0

[Event "6th EICC"]
[Site "Warsaw POL"]
[Date "2005.06.23"]
[Round "6"]
[White "Loeffler,S"]
[Black "Gouliev,N"]
[Result "0-1"]
[WhiteElo "2429"]
[BlackElo "2526"]
[EventDate "2005.06.18"]

1. d4 Nf6 2. c4 g6 3. Nc3 Bg7 4. e4 O-O 5. Bg5 d6 6. Qd2 Nbd7 7. Nge2 c5 8.
d5 b5 9. cxb5 a6 10. Ng3 Qa5 11. h4 h5 12. Bh6 Bxh6 13. Qxh6 Ne5 14. Qd2
Rb8 15. a4 Qb4 16. bxa6 Ra8 17. Nb5 Qxd2+ 18. Kxd2 Bxa6 19. b3 Rab8 20. Kc1
Rb6 21. Be2 e6 22. dxe6 fxe6 23. Re1 Ne8 24. f3 Rf4 25. a5 Rxb5 26. Bxb5
Bxb5 27. a6 Nc7 28. a7 Rf8 29. Rd1 d5 30. exd5 exd5 31. b4 d4 32. Kb2 Nd3+
33. Rxd3 Bxd3 34. bxc5 Ba6 35. Ne4 Ra8 36. Ra4 d3 37. Rd4 Rxa7 38. Rd7 Rb7+
39. Ka2 Ne6 40. Nf6+ Kh8 0-1

[Event "6th EICC"]
[Site "Warsaw POL"]
[Date "2005.06.23"]
[Round "6"]
[White "Smeets,J"]
[Black "Berescu,A"]
[Result "1-0"]
[WhiteElo "2518"]
[BlackElo "2439"]
[EventDate "2005.06.18"]

1. d4 e6 2. c4 Nf6 3. Nf3 d5 4. Nc3 Bb4 5. Qa4+ Nc6 6. cxd5 exd5 7. Ne5 Bd7
8. Nxc6 Bxc3+ 9. bxc3 Bxc6 10. Qb3 Ne4 11. e3 O-O 12. Bd3 f5 13. O-O Nd6
14. Ba3 Rf6 15. Bxd6 Qxd6 16. Bb5 a6 17. Bxc6 Qxc6 18. Rfc1 b5 19. a4 Rb8
20. axb5 axb5 21. Ra7 Rf7 22. g3 Qd6 23. Qb4 Qe6 24. Qc5 c6 25. Rxf7 Qxf7
26. Qxc6 h5 27. h4 Kh7 28. Ra1 1-0

[Event "6th EICC"]
[Site "Warsaw POL"]
[Date "2005.06.23"]
[Round "6"]
[White "Khairullin,I"]
[Black "Dziuba,M"]
[Result "1/2-1/2"]
[WhiteElo "2517"]
[BlackElo "2429"]
[EventDate "2005.06.18"]

1. e4 c5 2. Nf3 e6 3. d4 cxd4 4. Nxd4 a6 5. Nc3 Qc7 6. Bd3 Bd6 7. h3 Nf6 8.
O-O Nc6 9. Nxc6 dxc6 10. f4 e5 11. f5 b5 12. Qf3 Bb7 13. a4 c5 14. axb5 c4
15. Be2 axb5 16. Be3 Rxa1 17. Rxa1 Qc6 18. Nd5 Bc5 19. Rd1 O-O 20. Nxf6+
gxf6 21. Rd5 Bxe3+ 22. Qxe3 Rc8 23. Kh2 Qe8 24. Rd6 Qe7 25. Rb6 Bc6 26. b3
cxb3 27. cxb3 Qd7 28. Bf3 Kg7 29. h4 Qa7 30. Qc5 Qd7 31. Qf2 Qa7 32. b4 h6
33. Qc5 Qd7 34. Qf2 Qa7 35. Qc5 Qd7 1/2-1/2

[Event "6th EICC"]
[Site "Warsaw POL"]
[Date "2005.06.23"]
[Round "6"]
[White "Kuljasevic,D"]
[Black "Zelcic,R"]
[Result "0-1"]
[WhiteElo "2408"]
[BlackElo "2514"]
[EventDate "2005.06.18"]

1. d4 Nf6 2. Nf3 e6 3. c4 c5 4. d5 b5 5. Bg5 exd5 6. cxd5 d6 7. e4 a6 8. a4
Be7 9. axb5 Nxe4 10. Bxe7 Qxe7 11. Be2 O-O 12. O-O Bb7 13. Re1 axb5 14.
Rxa8 Bxa8 15. Bf1 f5 16. Bxb5 Qf7 17. Nc3 Nd7 18. Qd3 Ndf6 19. Rd1 h6 20.
Bc4 Re8 21. h3 Nh5 22. Nd2 Nf4 23. Qf3 Nxc3 24. bxc3 Ng6 25. Qh5 Bb7 26.
Nf1 Re5 27. Rb1 f4 28. Qg4 h5 29. Qe6 Rxe6 30. dxe6 Qe8 31. Rxb7 Kh7 32.
Nd2 Kh6 33. Bd5 Qa4 34. c4 Qd1+ 35. Nf1 Qe1 36. Rd7 f3 37. Rxd6 fxg2 38.
Bxg2 Kg5 39. Rd5+ Kf6 40. Rxc5 Nf4 41. Rc8 Ke7 42. Rc7+ Kxe6 43. Bd5+ Kd6
44. Rxg7 Nxh3+ 45. Kg2 Nf4+ 46. Kg1 h4 47. Rg4 Ne2+ 48. Kg2 h3+ 49. Kxh3
Qxf1+ 0-1

[Event "6th EICC"]
[Site "Warsaw POL"]
[Date "2005.06.23"]
[Round "6"]
[White "Krysztofiak,M"]
[Black "Ibrahimov,R"]
[Result "0-1"]
[WhiteElo "2401"]
[BlackElo "2511"]
[EventDate "2005.06.18"]

1. d4 Nf6 2. c4 e6 3. Nf3 b6 4. g3 Ba6 5. b3 Bb4+ 6. Bd2 Be7 7. Nc3 O-O 8.
Qc2 c5 9. dxc5 bxc5 10. e4 Nc6 11. Rd1 d6 12. Bg2 Nd7 13. O-O Nde5 14. Ne2
Bb7 15. Ne1 Nd7 16. f4 a5 17. Nc3 Nd4 18. Qd3 Bc6 19. Nc2 Qb6 20. Be3 e5
21. Bh3 Rfe8 22. Bxd7 Bxd7 23. Nd5 Qd8 24. f5 Bc6 25. f6 Bxf6 26. Nxf6+
gxf6 27. Bh6 f5 28. Rxf5 Nxf5 29. exf5 Qf6 30. Qxd6 Qxd6 31. Rxd6 Be4 32.
Ne3 Red8 33. Rb6 a4 34. bxa4 Rxa4 35. Bg5 Rda8 36. Ng4 Rxc4 37. f6 Rb4 38.
Nh6+ Kf8 39. Be3 Rxb6 40. Bxc5+ Ke8 41. Bxb6 Bg6 42. Ng4 e4 43. Ne3 Rxa2
44. g4 Rb2 45. Bd4 Rd2 46. Be5 Kd7 47. h4 h5 48. g5 Ke6 49. Bf4 Ra2 50. Kf1
Kd7 51. Bg3 Ra5 52. Kf2 Kc6 53. Bf4 Kc5 54. Be5 Kc6 55. Bf4 Ra2+ 56. Kg3
Re2 57. Ng2 Rc2 58. Be3 Rc3 59. Kf2 Rb3 60. Nf4 Kd6 61. Ke2 Rb2+ 62. Ke1
Kd7 63. Bc5 Ke8 64. Bf2 Rb3 65. Kd2 Rf3 66. Be3 Kd7 67. Ne2 Rh3 68. Bf2 e3+
69. Bxe3 Rxh4 70. Nf4 Rh2+ 71. Ke1 Bf5 72. Kf1 h4 73. Bc5 Ke8 74. Nh5 Bg6
75. Nf4 Bf5 76. Nh5 Be4 77. Nf4 h3 78. Bg1 Rh1 0-1

[Event "6th EICC"]
[Site "Warsaw POL"]
[Date "2005.06.23"]
[Round "6"]
[White "Mamedov,Rau"]
[Black "Gajewski,G"]
[Result "1/2-1/2"]
[WhiteElo "2511"]
[BlackElo "2396"]
[EventDate "2005.06.18"]

1. e4 e5 2. Nf3 Nc6 3. Bc4 Nf6 4. d3 Bc5 5. c3 d6 6. h3 a6 7. Bb3 O-O 8.
O-O Ba7 9. Re1 Re8 10. Nbd2 Ne7 11. Nf1 Ng6 12. Ng3 c6 13. d4 Be6 14. Bc2
h6 15. Be3 Qc7 16. Qc1 Bb8 17. b3 Qe7 18. c4 c5 19. d5 Bd7 20. Nf5 Qf8 21.
Kh2 Bc7 22. Qd2 b5 23. g4 Bd8 24. Rg1 Rb8 25. Rab1 Nh7 26. h4 bxc4 27. bxc4
Rxb1 28. Bxb1 Bxf5 29. gxf5 Nxh4 30. Nxh4 Bxh4 31. Bxh6 Bf6 32. Qe2 Rb8 33.
Bd3 Qd8 34. Qh5 Rb2 35. Be3 1/2-1/2

[Event "6th EICC"]
[Site "Warsaw POL"]
[Date "2005.06.23"]
[Round "6"]
[White "Kovacevic,B"]
[Black "Marzolo,C"]
[Result "1-0"]
[WhiteElo "2510"]
[BlackElo "2388"]
[EventDate "2005.06.18"]

1. b3 e5 2. Bb2 Nc6 3. e3 Nf6 4. Bb5 Bd6 5. Na3 Na5 6. Be2 a6 7. c4 O-O 8.
Nc2 Re8 9. d3 Bf8 10. Nf3 Nc6 11. e4 b5 12. O-O bxc4 13. bxc4 Bc5 14. Nd2
d6 15. Nb3 Ba7 16. Bc3 Ne7 17. Ne3 Bd7 18. Qd2 Ng6 19. Rfe1 Nf4 20. Bf1 Ng4
21. Nxg4 Bxg4 22. d4 c5 23. d5 Bd7 24. Nc1 Bb6 25. Nd3 Nxd3 26. Bxd3 Qh4
27. g3 Qg4 28. f4 exf4 29. Qxf4 Bc7 30. Rab1 Rab8 31. Rb3 f6 32. Ra3 a5 33.
Rb3 Rxb3 34. axb3 Qxf4 35. gxf4 Rb8 36. Bc2 Kf7 37. Kf2 g6 38. Kf3 1-0

[Event "6th EICC"]
[Site "Warsaw POL"]
[Date "2005.06.23"]
[Round "6"]
[White "Galego,L"]
[Black "Dworakowska,J"]
[Result "1-0"]
[WhiteElo "2493"]
[BlackElo "2383"]
[EventDate "2005.06.18"]

1. e4 c5 2. Nf3 d6 3. c3 Nf6 4. Bd3 Nc6 5. Bc2 Bg4 6. d3 d5 7. Nbd2 e6 8.
Qe2 Be7 9. h3 Bh5 10. Nf1 O-O 11. Ng3 Bxf3 12. Qxf3 Ne5 13. Qe2 dxe4 14.
dxe4 c4 15. O-O Nd3 16. Rd1 Nxc1 17. Raxc1 Qc7 18. e5 Nd7 19. f4 f5 20.
exf6 Rxf6 21. Nh5 Rh6 22. Kh1 Nf8 23. Rd4 b5 24. Rf1 Rd8 25. Rxd8 Bxd8 26.
Ng3 Rf6 27. Qe4 Be7 28. Ne2 Bd6 29. Rf3 Qc5 30. Nd4 b4 31. g3 bxc3 32. bxc3
Qa3 33. Qe2 Qc5 34. Kg2 e5 35. fxe5 Bxe5 36. Rxf6 Bxf6 37. Qe4 Qa5 38. Ne2
Qxa2 39. Qd5+ Kh8 40. Qf7 Qa3 41. Qxc4 h5 42. Bb3 Kh7 43. Qg8+ Kh6 44. Qh8+
Kg5 45. h4+ Kg4 46. Qxf8 1-0

[Event "6th EICC"]
[Site "Warsaw POL"]
[Date "2005.06.23"]
[Round "6"]
[White "Leniart,A"]
[Black "Guliev,S"]
[Result "1/2-1/2"]
[WhiteElo "2279"]
[BlackElo "2481"]
[EventDate "2005.06.18"]

1. d4 f5 2. Bg5 c6 3. Nc3 Qb6 4. Na4 Qb4+ 5. c3 Qa5 6. Nf3 d6 7. b4 Qc7 8.
Bf4 Nf6 9. Qb3 h6 10. h4 Nd5 11. e3 e6 12. c4 Nxf4 13. exf4 Be7 14. g3 O-O
15. c5 b5 16. cxd6 bxa4 17. dxc7 axb3 18. cxb8=Q Rxb8 19. axb3 Bxb4+ 20.
Kd1 a5 21. Bc4 c5 22. dxc5 Bxc5 23. Ke2 Bb4 24. Rhd1 Rb6 25. Ne5 Re8 26.
Nd7 Bxd7 27. Rxd7 Kf8 28. Rad1 Re7 29. Rd8+ Kf7 30. R1d7 Rb7 31. Rxe7+ Kxe7
32. Ra8 Rb6 33. Ra7+ Kf6 34. Ra6 Rxa6 35. Bxa6 Bc5 1/2-1/2

[Event "6th EICC"]
[Site "Warsaw POL"]
[Date "2005.06.23"]
[Round "6"]
[White "Bugajski,R"]
[Black "Czarnota,P"]
[Result "0-1"]
[WhiteElo "2218"]
[BlackElo "2478"]
[EventDate "2005.06.18"]

1. c4 Nf6 2. Nc3 d6 3. d4 g6 4. g3 Bg7 5. Bg2 O-O 6. Nf3 Nbd7 7. O-O e5 8.
e4 exd4 9. Nxd4 Re8 10. f3 c6 11. Be3 d5 12. cxd5 cxd5 13. Ndb5 Nf8 14.
Nxa7 dxe4 15. Nxc8 Rxc8 16. fxe4 Qa5 17. Qf3 N8d7 18. Bh3 Ne5 19. Qf2 Neg4
20. Qe2 Qh5 21. Kg2 Rxc3 22. bxc3 Rxe4 23. Bxg4 Nxg4 24. Kg1 Rxe3 25. Qg2
Be5 26. Rab1 Nxh2 27. Rb5 Nxf1 0-1

[Event "6th EICC"]
[Site "Warsaw POL"]
[Date "2005.06.23"]
[Round "6"]
[White "Mastrovasilis,A"]
[Black "Kopczynski,M"]
[Result "1-0"]
[WhiteElo "2473"]
[BlackElo "2150"]
[EventDate "2005.06.18"]

1. d4 Nf6 2. Nf3 g6 3. g3 Bg7 4. Bg2 c5 5. c4 cxd4 6. Nxd4 O-O 7. Nc3 Nc6
8. O-O Qb6 9. Nc2 d6 10. b3 Be6 11. Bd2 Qc7 12. Ne3 Qd7 13. Re1 Bh3 14. Bh1
Ng4 15. Ned5 Bd4 16. e3 Be5 17. f3 Nh6 18. Rc1 Be6 19. Qe2 f5 20. e4 Nf7
21. f4 Bd4+ 22. Be3 Bg7 23. Bf2 Rae8 24. Nb5 fxe4 25. Ndc7 Bg4 26. Qxe4 Bf5
27. Qe2 Bg4 28. Qe4 Bf5 29. Qe3 Rc8 30. Ne6 Rfe8 31. Nxg7 Kxg7 32. Nxa7
Nxa7 33. Qxa7 Ra8 34. Qxb7 Qxb7 35. Bxb7 Rxa2 36. Bc6 Rc8 37. Bd5 Kf6 38.
Ra1 Rxa1 39. Rxa1 Rb8 40. c5 e5 41. fxe5+ dxe5 42. Ra6+ Kg7 43. Ra7 Rf8 44.
c6 Kf6 45. Bc5 1-0

[Event "6th EICC"]
[Site "Warsaw POL"]
[Date "2005.06.23"]
[Round "6"]
[White "Frolyanov,D"]
[Black "Galazewski,T"]
[Result "1-0"]
[WhiteElo "2505"]
[BlackElo "2137"]
[EventDate "2005.06.18"]

1. e4 c5 2. Nf3 d6 3. d4 cxd4 4. Nxd4 Nf6 5. Nc3 Nc6 6. Bg5 Qb6 7. Nb3 e6
8. Bd3 Be7 9. O-O O-O 10. Kh1 a6 11. Qe2 Qc7 12. f4 b5 13. Rae1 b4 14. Nd1
e5 15. f5 Bb7 16. Ne3 Nd4 17. Nxd4 exd4 18. Nc4 Rfe8 19. Nd2 h6 20. Bh4 Nd7
21. Bxe7 Rxe7 22. Qf2 Rae8 23. Qxd4 d5 24. e5 Nxe5 25. f6 Re6 26. Re3 Nxd3
27. Rxd3 Qxc2 28. Rg3 g6 29. Qf4 Kh7 30. Nf3 Qf5 31. Qc7 Qxf6 32. Qxb7 Re1
33. Rg1 Rxg1+ 34. Nxg1 Re1 35. Rf3 1-0

[Event "6th EICC"]
[Site "Warsaw POL"]
[Date "2005.06.23"]
[Round "6"]
[White "Zawadzka,J"]
[Black "Bagheri,A"]
[Result "0-1"]
[WhiteElo "2383"]
[BlackElo "2518"]
[EventDate "2005.06.18"]

1. e4 c6 2. Nc3 d5 3. Nf3 Bg4 4. h3 Bxf3 5. Qxf3 e6 6. d3 Bb4 7. Bd2 d4 8.
Nb1 Bxd2+ 9. Nxd2 Ne7 10. Qg3 O-O 11. Be2 Ng6 12. f4 Qa5 13. a3 f5 14.
O-O-O fxe4 15. Nb3 Qc7 16. Nxd4 Nxf4 17. Qg4 h5 18. Qg5 c5 19. g3 cxd4 20.
gxf4 Qxf4+ 21. Qxf4 Rxf4 22. dxe4 Nc6 23. Bxh5 Rd8 24. Rde1 Ne5 25. Rhf1
Rh4 26. Bg4 Nxg4 27. hxg4 Rxg4 28. Rf3 Rg2 29. Rd1 Re2 30. Rf4 e5 31. Rg4
Rf8 32. Rdg1 Rf7 33. Kd1 Re3 34. Kd2 Ref3 35. Rg5 Re7 36. R1g4 Rf6 37. Rh5
g6 38. Rh6 Kg7 39. Rgh4 Rf4 40. Rh7+ Kf6 41. R4h6 Rxh7 42. Rxh7 g5 43. Rxb7
g4 44. Rxa7 g3 45. Ra8 Kg7 46. Ra7+ Kh6 47. Ra8 Kh5 48. Rg8 Rg4 49. Rh8+
Kg5 50. Rh1 g2 51. Rg1 Kf4 52. a4 Kf3 53. a5 Kf2 54. Rxg2+ Kxg2 55. b4 Rg3
56. c4 dxc3+ 57. Kc2 Kf3 58. Kxc3 Kxe4+ 59. Kc4 Ra3 0-1

[Event "6th EICC"]
[Site "Warsaw POL"]
[Date "2005.06.23"]
[Round "6"]
[White "Van der Weide,K"]
[Black "Guadalpi,D"]
[Result "1-0"]
[WhiteElo "2472"]
[BlackElo "2317"]
[EventDate "2005.06.18"]

1. e4 e5 2. Nf3 Nc6 3. Bb5 a6 4. Bxc6 dxc6 5. O-O Bg4 6. h3 h5 7. d3 Qf6 8.
Nbd2 Ne7 9. Re1 Ng6 10. d4 Nf4 11. dxe5 Qg6 12. Nh4 Bxd1 13. Nxg6 Nxg6 14.
Rxd1 O-O-O 15. Re1 Nxe5 16. Nf1 Bb4 17. c3 Be7 18. Be3 Nd3 19. Re2 Rhe8 20.
Rd1 g6 21. b3 Nc5 22. Rxd8+ Rxd8 23. Bxc5 Bxc5 24. Nd2 Rd3 25. c4 Kd7 26.
Nf3 Rd1+ 27. Re1 Rxe1+ 28. Nxe1 Ke6 29. Nd3 Bd4 30. Kf1 Kd6 31. Ke2 Ke6 32.
g3 Kd6 33. f4 Ke6 34. Kf3 Ke7 35. e5 Ke6 36. Ke4 Bg1 37. g4 hxg4 38. hxg4
Ke7 39. f5 g5 40. f6+ Ke6 41. Ne1 Bh2 42. Nf3 Bf4 43. Nd4+ Kd7 44. Kf5 1-0

[Event "6th EICC"]
[Site "Warsaw POL"]
[Date "2005.06.23"]
[Round "6"]
[White "Magalashvili,D"]
[Black "Kadziolka,B"]
[Result "1/2-1/2"]
[WhiteElo "2445"]
[BlackElo "2311"]
[EventDate "2005.06.18"]

1. d4 Nf6 2. c4 c5 3. d5 b5 4. cxb5 a6 5. bxa6 g6 6. Nc3 Bxa6 7. g3 d6 8.
Bg2 Bg7 9. Nf3 Nbd7 10. Rb1 Nb6 11. b3 Ra7 12. O-O Qa8 13. Nh4 O-O 14. Bb2
Rb8 15. Re1 Ne8 16. Qc2 Nc7 17. e4 Nb5 18. Nxb5 Bxb5 19. Bxg7 Kxg7 20. a4
Bd7 21. Nf3 f6 22. Nd2 Rc7 23. Bf1 Qa5 24. Nc4 Nxc4 25. Bxc4 Bc8 26. f4 Ba6
27. Bxa6 Qxa6 28. b4 Ra8 29. Ra1 Qb6 30. b5 c4+ 31. Qf2 Rc5 32. Rec1 c3 33.
Rxc3 Rxb5 34. Qxb6 Rxb6 35. a5 Rba6 36. Rca3 Rb8 37. R1a2 Rb5 38. Kf2 f5
39. Ke3 Kf6 40. Ra4 fxe4 41. Kxe4 h5 42. Kd4 Rc5 43. R4a3 Kf5 44. h3 Kf6
45. Ra1 Kf7 46. g4 hxg4 47. hxg4 Kf6 48. R1a2 Kf7 49. g5 Ke8 50. Ra4 Kf7
51. Ke4 Rb5 52. Ra1 Rc5 53. Kd4 Kf8 54. R4a3 Kf7 55. R3a2 Kf8 56. Ra4 Kf7
57. Ke4 Rb5 58. Rh1 Rbxa5 59. Rh7+ Kf8 1/2-1/2

[Event "6th EICC"]
[Site "Warsaw POL"]
[Date "2005.06.23"]
[Round "6"]
[White "Kachur,A"]
[Black "Thorfinnsson,Br"]
[Result "1/2-1/2"]
[WhiteElo "2281"]
[BlackElo "2442"]
[EventDate "2005.06.18"]

1. e4 c5 2. Nf3 e6 3. d4 cxd4 4. Nxd4 a6 5. c4 Nf6 6. Nc3 Qc7 7. a3 b6 8.
Be3 Bb7 9. f3 Be7 10. Be2 O-O 11. Rc1 d6 12. O-O Re8 13. Qd2 Nbd7 14. Rc2
Rac8 15. b4 Qb8 16. Kh1 Bd8 17. Rb1 Bc7 18. Bg1 Kh8 19. a4 Rg8 20. a5 g5
21. axb6 Bxb6 22. c5 Bd8 23. Na4 Ne5 24. cxd6 Qxd6 25. Rxc8 Bxc8 26. Qc3
Be7 27. Nc2 Ned7 28. Rd1 Qb8 29. Nc5 Nf8 30. Bd4 Kg7 31. Bxa6 Ng6 32. Bxc8
Qxc8 33. Ne3 Rd8 34. Rc1 h5 35. Nc4 Nf4 36. Qb2 Qb8 37. Be5 Qb5 38. h3 Nd3
39. Nxd3 Rxd3 40. Bc3 Qxc4 41. Bxf6+ Bxf6 42. Qxf6+ Kxf6 43. Rxc4 Rb3 44.
Rc5 Rxb4 45. h4 g4 46. Kh2 gxf3 47. gxf3 e5 1/2-1/2

[Event "6th EICC"]
[Site "Warsaw POL"]
[Date "2005.06.23"]
[Round "6"]
[White "Erdogdu,M"]
[Black "Erturan,Y"]
[Result "1/2-1/2"]
[WhiteElo "2414"]
[BlackElo "2277"]
[EventDate "2005.06.18"]

1. e4 e5 2. Nf3 Nc6 3. Bb5 a6 4. Ba4 Nf6 5. O-O Be7 6. Re1 b5 7. Bb3 d6 8.
c3 O-O 9. h3 h6 10. d4 Re8 11. Nbd2 Bf8 12. Nf1 1/2-1/2

[Event "6th EICC"]
[Site "Warsaw POL"]
[Date "2005.06.23"]
[Round "6"]
[White "Praszak,M"]
[Black "Bakalarz,M"]
[Result "0-1"]
[WhiteElo "2261"]
[BlackElo "2408"]
[EventDate "2005.06.18"]

1. d4 d6 2. Nf3 Bg4 3. e4 Nf6 4. h3 Bh5 5. Bd3 e6 6. Be3 Be7 7. Nbd2 d5 8.
e5 Nfd7 9. c3 c5 10. a3 a5 11. b3 Nc6 12. Qb1 Qb6 13. O-O Bg6 14. Bxg6 fxg6
15. dxc5 Bxc5 16. Bxc5 Qxc5 17. c4 O-O 18. cxd5 exd5 19. Qb2 Rae8 20. Rae1
Rf5 21. b4 axb4 22. axb4 Qxb4 23. Qa2 Qa5 24. Qb3 Ndxe5 25. Ra1 Nxf3+ 26.
Nxf3 Qb4 27. Qa2 Qc4 28. Qb2 Rf7 29. Qd2 d4 30. Rad1 h6 31. Rc1 Qd5 32. Qd3
Kh7 33. Rfd1 b5 34. h4 Ne5 35. Nxe5 Rxe5 36. Qg3 Re2 37. f3 d3 38. Rc8 Qd4+
39. Kh2 d2 40. Rc6 Rf6 41. Rxf6 Qxf6 42. f4 b4 43. h5 b3 44. hxg6+ Qxg6 45.
Qf3 Qe4 46. Qxe4+ Rxe4 47. Rxd2 Rxf4 48. Kg3 Rc4 49. Rb2 Rc3+ 50. Kf4 Rc2
51. Rxb3 Rxg2 52. Kf3 Rg5 53. Kf4 Kg6 54. Rb1 Rf5+ 55. Kg4 h5+ 56. Kh4 Rf4+
57. Kh3 Kg5 58. Rg1+ Rg4 59. Ra1 Rh4+ 60. Kg3 Rf4 61. Ra5+ Rf5 62. Ra4 g6
63. Rb4 h4+ 64. Kh3 Rf3+ 65. Kh2 Rf4 66. Rb6 Kh5 67. Rb2 g5 68. Ra2 Rf3 69.
Rb2 h3 70. Rb5 Kh4 71. Rb4+ g4 72. Ra4 Rb3 73. Rc4 Rb2+ 74. Kg1 Rg2+ 75.
Kh1 Re2 76. Rb4 Kg3 77. Rb3+ Kf4 78. Ra3 g3 79. Ra4+ Kf3 80. Ra3+ Kf2 0-1